000 00653nac a22001691u 4500
020 _a8185749159
082 _a621.31
_bG9775
090 _c953
_d953
100 _aGupta, J.B.
245 _aTheory and performance of electrical machines :
_bIn S.I. units for degree and diploma students /
_cby J.B. Gupta.
260 _aSingapore :
_bSSMB Pub.,
_c1997.
300 _aviii, 416p.:
_c24cm
500 _aIncludes index.
650 _aElectric machinery.
942 _cBB
_k621.31G9775
999 _c953
_d953